| 000 | 00474nam a22001577a 4500 | ||
|---|---|---|---|
| 999 |
_c9197 _d9197 |
||
| 008 | 210329b ||||| |||| 00| 0 eng d | ||
| 040 | _aBMS College of Architecture | ||
| 100 | _aK, Sreelalitha | ||
| 245 | _aShopping mall with multiplex at Mysore | ||
| 300 | _a134p. | ||
| 500 | _a1BM03AT011 | ||
| 502 |
_8B.Arch _NBMS College of Architecture, Visvesvaraya Technological University _aProject report _d2008 |
||
| 650 | _aNA | ||
| 700 |
_aRama R S _eGuide |
||
| 942 |
_2ddc _cTHE |
||